000 00413pab a2200157 454500
008 180718b2005 xxu||||| |||| 00| 0 eng d
100 _aDadhich, Ramesh
245 _aAbolition of standard deduction: improper, inequitable and illegal
260 _c2005
300 _ap.1418-420.
362 _a2 Apr
650 _aTaxation
700 _aShah, C.K.
773 _aEconomic and Political Weekly
909 _a64728
999 _c64728
_d64728